000 01450nam a22003857a 4500
003 CHAP
005 20220329135050.0
008 971013s1975 r 00010 d
010 _a30378
011 _a31350
035 _a35462
040 _cCHAP
090 _aTesis
100 0 0 _aManjarrez Sandoval, Juan Ramón.
_970490
245 _aGeneración de tecnología de producción para maíz de temporal, con la participación de estudiantes de nivel medio y de campesinos, en la región sur-oeste del estado de México
260 _aChapingo, Méx. :
_bEl autor,
_c1975
300 _a131 h.
_b; gráfs
502 _aTesis (M.C. Esp. en Suelos) -- ENA. Colegio de Postgraduados. Rama de Suelos
590 _aALEPH
_b10
_c20130110
_lUCH01
_h1252
590 _aBATCH-UPD
_b10
_c20130110
_lUCH01
_h1032
590 _aBATCH-UPD
_b10
_c20130410
_lUCH01
_h0635
590 _aBATCH-UPD
_b10
_c20130913
_lUCH01
_h2143
590 _aBATCH-UPD
_b10
_c20130914
_lUCH01
_h1749
590 _aCONVERSION
_b10
_c20130109
_lUCH01
_h1317
650 1 4 _aAgricultura de temporal.
_91999
650 1 4 _aAgricultura
_xInnovaciones tecnológicas.
_91565
650 1 4 _aMaíz
_xProducción.
_971041
650 1 4 _aMaíz
_zMéxico (Edo.).
_971099
901 _aBK
942 _cFOLL
949 _bBC
_cTES
_d-81970
_eTS1
_i35462
_si
949 _bBC
_cTES
_d-81971
_eTS2
_fc.2
_i35462
_si
949 _bBC
_cTES
_d-81972
_eTS2
_fc.3
_i35462
_si
949 _bBC
_cTES
_d-82137
_eTS2
_fc.4
_i35462
_si
999 _c30378
_d30378